Rastrovací elektrónový mikroskop BS 300 : Inštruční knížka
Saved in:
| Format: | Book |
|---|---|
| Language: | Czech |
| Published: |
Brno :
TESLA,
1979
|
| Tags: |
No Tags, Be the first to tag this record!
|
MARC
| LEADER | 00000nam a22000003a 4500 | ||
|---|---|---|---|
| 001 | stu93095 | ||
| 005 | 20141121192254.1 | ||
| 008 | 050303s1979------------------------cze-d | ||
| 040 | |a STU |b slo | ||
| 041 | 0 | |a cze | |
| 080 | |a 535.822.17 | ||
| 080 | |a 537.533.3 | ||
| 245 | |a Rastrovací elektrónový mikroskop BS 300 : |b Inštruční knížka | ||
| 260 | |a Brno : |b TESLA, |c 1979 | ||
| 300 | |a 77 s | ||
| 996 | |b E49159 |c E*49159 |l EE11 |s P |a 0 |w stu93095_0001 | ||